000
00265nam a2200109Ia 4500
008
230907s9999||||xx |||||||||||||| ||und||
082
_a
658.84
_b
INT
100
_a
Cateora, Philip R.,
_9
12660
245
0
_a
International marketing /
300
_a
662 p.
942
_c
BK
999
_c
601013
_d
601013